000 00561nam a22001697a 4500
005 20251108165418.0
008 250721s1993 xx 000 0 ara d
082 1 4 _aم/213.4/حسي
100 1 _aشواط، الحسين بن محمد
245 1 0 _aمنهجيه فقه الحديث عند القاضي عياض في إكمال المعلم بفوائد مسلم /
264 1 _aالرياض :
_bدار ابن عفان،
_c1993.
300 _a450ص
650 1 7 _aالإسلام
650 1 7 _aالحديث الشريف
942 _2ddc
_cREF
999 _c27289
_d27289